000
00303nam a22001337a 4500
008
181018b xxu||||| |||| 00| 0 eng d
020
_a
9780312188528
041
_a
eng
080
_2
2nd
_a
004
100
_a
28
101
_a
SHKI
245
_a
Computer-Assisted Reporting
_c
Houston, B
942
_2
udc
_c
BK
999
_c
50152
_d
50152